01410nam a2200265 4500001000700000003000900007005001700016008004100033020001500074040004900089041000800138082002100146245006200167250002200229260006500251300003200316490004300348505045400391650005800845650004300903700005300946942001200999999001901011952011401030113980DR-UNIBE20250730103556.0250730b2006 mx ||||| |||| 00| 0 spa d a9707125829 aBIBLIOTECA UNIBEbspacBIBLIOTECA UNIBEerda aspa 222a347.012 I21813aLa independencia del Poder Judicial de la Federación /  aPrimera edición aMéxico : bSuprema Corte de Justicia de la Nación,c2006 a141 páginas :c18 x 11 cm aEl Poder Judicial contemporáneo ;v1 aPresentación | I. El principio de división de poderes como garantía de la independencia judicial | II. La independencia judicial | III. La independencia de los Poderes Judiciales de los Estados | IV. Independencia económica de los tribunales del Poder Judicial de la Federación | V. Contribución de la Suprema Corte de Justicia al fortalecimiento de la independencia judicial | Bibliohemerografía | Normativa nacional a internacional  72lemba Jurisprudencia xTribunales zMéxico9198013 72lembaPoder judicialzMéxico919801410aAzuela Güitrón, Mariano9198001epresentador 2ddccBK c113980d113980 00102ddc708GENaPrincipald2025-06-10l0o347.012 I218p250925r2025-07-30 10:03:10tEj. 1w2025-07-30yBK